000 00327nam a22001337a 4500
020 _a9788170999478
041 _aENG
100 _aThokal.R.T
245 _aGlossary Irrigation Drainage,Hydrology And Watershed Management
260 _aNew Delhi
_bMittal Pub
_c2004
300 _a299
650 _aIDE
856 _uIDE ( 18 )
999 _c1489
_d1489